Japan and the European Union. A partnership for the twenty first century

Uloženo v:
Podrobná bibliografie
Hlavní autor: Gilson, Julie (Autor)
Médium: Kniha
Jazyk:angličtina
Vydáno: Londres Palgrave MacMillan 2000
Témata:
Tagy: Přidat tag
Žádné tagy, Buďte první, kdo vytvoří štítek k tomuto záznamu!

MARC

LEADER 00000nam a2200000 a 4500
001 UCI1373
003 CL-VaPUC
008 070629e20000000UK |||||||||||||||||eng|d
020 |a 0333764889 
082 0 4 |a 327.952044  |b GIUL  |2 21 
100 0 |a Gilson, Julie  |e author  |9 521847 
245 1 0 |a Japan and the European Union. A partnership for the twenty first century 
300 |a 223 p 
942 |c BK 
945 |d 20070629 00:00:00  |a rbrito 
260 |a Londres  |b Palgrave MacMillan  |c 2000 
650 0 |a Relaciones Internacionales  |9 255740 
650 0 |a Acuerdos económicos  |9 348030 
650 0 |a Desarrollo económico  |9 259599 
650 0 |a Tratados internacionales   |9 256056 
650 0 |a COOPERACION ECONOMICA  |9 307939 
651 0 |a Japón   |9 260391 
651 7 |a UNION EUROPEA  |2 CL-VaPUC  |9 521848 
583 |a last modification  |c 20070629 00:00:00  |k Rodrigo Vera 
999 |c 326201  |d 326199 
952 |0 0  |1 0  |4 0  |6 327_952044000000000_GIUL_2000  |7 0  |8 A  |9 407964  |a BIBGIM  |b BIBGIM  |d 2019-11-22  |i 4212029  |o 327.952044 GIUL 2000  |p 4212029  |r 2025-01-15  |w 2019-11-22  |y BK  |k ORI